|
|
|
|
| LEADER |
00899cam a2200169 7i4500 |
| 001 |
0000138340 |
| 005 |
20081013090000.0 |
| 002 |
0000003420 |
| 090 |
0 |
0 |
|a LI 47 FPE 2 2006
|
| 100 |
0 |
# |
|a Rabiahton Adawiyah Ibrahim
|
| 245 |
1 |
0 |
|a Laporan akhir latihan industri di Amanah Saham Kedah Berhad (ASKB)
|c Rabiahton Adawiyah Ibrahim.
|
| 260 |
# |
# |
|a Terengganu:
|b Kolej Universiti Sains dan Teknologi Malaysia,
|c 2006.
|
| 300 |
|
|
|a x, 58 p.;
|c 30 cm..
|
| 502 |
# |
# |
|a Latihan Industri FPE (Sarjana Muda Pengurusan - Polisi dan Sekitaran Sosial) 2006
|
| 520 |
3 |
# |
|a Amanah Saham Kedah telah ditubuhkan melalui Suratikatan Amanah bertarikh 24 Februari 1995 diantara pengurus yang akan mengurus pelaburan. Pemegang Amanah sebagai penjaga dan pemegang- pemegang unit berdasarkan pelaburan yang dibenarkan oleh prinsirinsip syariah
|
| 602 |
# |
# |
|a Latihan Industri FPE 2006
|
| 999 |
|
|
|a 1100045585
|b Book
|c Latihan Industri
|e BILIK ARKIB
|